000 00555nam a2200217Ia 4500
005 20250508164626.0
008 008 250505s9999 xx 000 0 eng d
020 _a978-81-7829-912-9
037 _aTextual
040 _aFEDL
_beng
_cFEDL
041 _aeng
_2eng
084 _a500, NCE
_qFEDL
245 0 _aScience: A workbook for calss VI
245 0 _cN C E R T
260 _aNew Delhi, India
_bNCERT
_c1989
300 _a117p.
365 _aINR
_b6.5
546 _aMACESE
942 _cTEXL
_h500, NCE
999 _c1390203
_d1390203